Prashasi vidhi (Record no. 83942)

MARC details
000 -LEADER
fixed length control field 00340nam a2200145Ia 4500
008 - FIXED-LENGTH DATA ELEMENTS--GENERAL INFORMATION
fixed length control field 230917s9999||||xx |||||||||||||| ||und||
040 ## - CATALOGING SOURCE
-- 158176
Original cataloging agency VIVEKANANDA LIBRARY
041 ## - Language
-- English
082 ## - DDC NUMBER
Classification number 342 S82P
100 ## - MAIN ENTRY--PERSONAL NAME
Personal name Sathe, S P
245 #0 - TITLE STATEMENT
Title Prashasi vidhi
260 ## - PUBLICATION, DISTRIBUTION, ETC. (IMPRINT)
Place of publication, distribution, etc Allahabad
Name of publisher, distributor, etc Allahabad Law Agency
Date of publication, distribution, etc n.d.
300 ## - PHYSICAL DESCRIPTION
Pages 394 p.
942 ## - ADDED ENTRY ELEMENTS (KOHA)
Koha item type Books
Holdings
Withdrawn status Lost status Damaged status Not for loan Location (home branch) Sublocation or collection (holding branch) Date acquired Koha issues (times borrowed) Koha full call number Accession No. Koha date last seen Koha item type
        VIVEKANANDA LIBRARY VIVEKANANDA LIBRARY 18/07/2010   342 S82P 161707 17/09/2023 Books
        VIVEKANANDA LIBRARY VIVEKANANDA LIBRARY 18/07/2010   342 S82P 161709 17/09/2023 Books
        VIVEKANANDA LIBRARY VIVEKANANDA LIBRARY 18/07/2010   342 S82P 161710 17/09/2023 Books
        VIVEKANANDA LIBRARY VIVEKANANDA LIBRARY 18/07/2010   342 S82P 161711 17/09/2023 Books
        VIVEKANANDA LIBRARY VIVEKANANDA LIBRARY 18/07/2010   342 S82P 171956 17/09/2023 Books
        VIVEKANANDA LIBRARY VIVEKANANDA LIBRARY 18/07/2010   342 S82P 175647 17/09/2023 Books
        VIVEKANANDA LIBRARY VIVEKANANDA LIBRARY 18/07/2010 1 342 S82P 175648 19/11/2024 Books
        VIVEKANANDA LIBRARY VIVEKANANDA LIBRARY 18/07/2010   342 S82P 175649 17/09/2023 Books
        VIVEKANANDA LIBRARY VIVEKANANDA LIBRARY 18/07/2010   342 S82P 176320 17/09/2023 Books
        VIVEKANANDA LIBRARY VIVEKANANDA LIBRARY 18/07/2010   342 S82P 181048 17/09/2023 Books
        VIVEKANANDA LIBRARY VIVEKANANDA LIBRARY 18/07/2010   342 S82P 80367 17/09/2023 Books
        VIVEKANANDA LIBRARY VIVEKANANDA LIBRARY 18/07/2010   342 S82P 86215 17/09/2023 Books
        VIVEKANANDA LIBRARY VIVEKANANDA LIBRARY 18/07/2010   342 S82P 86216 17/09/2023 Books
© Designed and Maintained by Vivekananda Library, MDU Rohtak